000 01123nam a2200301 i 4500
003 EG-GICUC
005 20260121101208.0
008 251111s1971 ua ||||f |||| 00| 0 ara d
040 _a EG-GICUC
_bara
_c EG-GICUC
_d EG-GICUC
_erda
041 _aara
082 0 4 _221
_a345
_bخ ا . ق
092 0 4 _221
099 _alaw1 07 345 خ ا . ق 1971
100 0 _aخالد عبد العزيز
_eمؤلف.
245 _aالقانون الإداري الليبي ،
_nالجزء الثاني /
_cدكتور خالد عبد العزيز.
264 _aبيروت :
_bدار صادر ,
_c1971.
300 _a1033 صفحة
_c24 سم
336 _2rda content
_atext
337 _2rda media
_aComputer
338 _2rda carrier
_aOnline Resource
500 _aيشتمل علي ارجاعات ببليوجرافية
546 _aالنص أغلبه باللغة العربية بعض النصوص الإنجليزية والفرنسية
650 1 _aالقانون الإداري
_2qrmak
651 1 _2qrmak
856 4 0 _uhttps://fll.law.cu.edu.eg/fulltext/bks/B07-00729.pdf
905 _a74
942 _2ddc
_n0
_cBK
_e21
999 _c42439
_d42439